Top 10 Maple Syrup Producers - Statistics

General Stats
  • This quiz has been taken 28 times
  • The average score is 6 of 10
Answer Stats
Rank Production Province or State % Correct
5 580 Maine
91%
6 502 Ontario
86%
10 148 New Hampshire
82%
2 2,070 Vermont
82%
1 12,033 Quebec
77%
3 820 New York
68%
4 598 New Brunswick
50%
9 157 Pennsylvania
41%
8 195 Michigan
36%
7 270 Wisconsin
18%
No matching quizzes found
Score Distribution
Percent of People with Each Score
Percentile by Number Answered
Your Score History
You have not taken this quiz